[Event "Cambridge op 2nd"]
[Site "Cambridge"]
[Date "2024.02.24"]
[Round "9"]
[White "Smart, Michael R"]
[Black "Bowers, Francis J"]
[Result "1/2-1/2"]
[WhiteElo "1943"]
[BlackElo "1732"]
[PlyCount "22"]
[EventDate "2024.02.19"]
[EventType "swiss"]
[EventRounds "9"]
[EventCountry "ENG"]
[SourceTitle "CB09_2024"]
[SourceDate "2024.02.28"]
[SourceVersion "1"]
[SourceVersionDate "2024.02.28"]
[SourceQuality "1"]

1. e4 e5 2. d4 exd4 3. c3 Qe7 4. Qxd4 Nc6 5. Qe3 Nf6 6. Nd2 d5 7. exd5 Nxd5 8. Qxe7+ Bxe7 9. Ngf3 Be6 10. Bb5 0-0-0 11. 0-0 Nf4 1/2-1/2

[Event "Cambridge op 2nd"]
[Site "Cambridge"]
[Date "2024.02.23"]
[Round "8"]
[White "Bay Petersen, Ole"]
[Black "Smart, Michael R"]
[Result "1/2-1/2"]
[WhiteElo "1672"]
[BlackElo "1943"]
[PlyCount "79"]
[EventDate "2024.02.19"]
[EventType "swiss"]
[EventRounds "9"]
[EventCountry "ENG"]
[SourceTitle "CB09_2024"]
[SourceDate "2024.02.28"]
[SourceVersion "1"]
[SourceVersionDate "2024.02.28"]
[SourceQuality "1"]

1. d4 Nf6 2. Nf3 d5 3. e3 a6 4. Bd3 c5 5. b3 Nc6 6. 0-0 Bg4 7. Bb2 cxd4 8. exd4 e6 9. Nbd2 Bd6 10. a3 Qc7 11. Qe1 0-0 12. Ne5 Bh5 13. f4 Rae8 14. c4 dxc4 15. Ndxc4 Be7 16. Rc1 Nd5 17. b4 Bd6 18. Nxd6 Qxd6 19. Nxc6 bxc6 20. Qe5 Qxe5 21. fxe5 a5 22. bxa5 Rb8 23. Rf2 Ne3 24. Rd2 Rfc8 25. a4 Bg6 26. Ba6 Rc7 27. Rc5 h6 28. Bb5 Rbc8 29. Be2 Be4 30. Bd3 Bxd3 31. Rxd3 Nd5 32. Rb3 Ra8 33. Bc1 Kh7 34. Bd2 Kg6 35. Kf2 f6 36. Rg3+ Kf7 37. exf6 Kxf6 38. Rf3+ Ke7 39. Rb3 Kd6 40. Rc2 1/2-1/2

[Event "Cambridge op 2nd"]
[Site "Cambridge"]
[Date "2024.02.20"]
[Round "3"]
[White "Smart, Michael R"]
[Black "Evans, Ruben"]
[Result "0-1"]
[WhiteElo "1943"]
[BlackElo "1647"]
[PlyCount "58"]
[EventDate "2024.02.19"]
[EventType "swiss"]
[EventRounds "9"]
[EventCountry "ENG"]
[SourceTitle "CB09_2024"]
[SourceDate "2024.02.28"]
[SourceVersion "1"]
[SourceVersionDate "2024.02.28"]
[SourceQuality "1"]

1. e4 e6 2. d4 d5 3. Nd2 Nf6 4. e5 Nfd7 5. Bd3 c5 6. c3 Nc6 7. Ne2 cxd4 8. cxd4 f6 9. exf6 Nxf6 10. Nf3 Bd6 11. 0-0 Qc7 12. Bg5 0-0 13. Rc1 Ng4 14. Ng3 Qb6 15. b3 g6 16. Bb1 Bd7 17. Nh4 Qxd4 18. Qe2 Nf6 19. Rcd1 Qg4 20. Qd2 Qb4 21. Qc2 Rac8 22. Nxg6 Ne5 23. Qe2 Nxg6 24. Bxg6 hxg6 25. Qd3 Kg7 26. Qe3 Ng4 27. Qe2 Rce8 28. f3 Bb5 29. Qb2+ Be5 0-1

[Event "Cambridge op"]
[Site "Cambridge"]
[Date "2023.02.18"]
[Round "7"]
[White "Zhu, Pengxiao"]
[Black "Smart, Michael R"]
[Result "0-1"]
[WhiteElo "1437"]
[BlackElo "1957"]
[PlyCount "66"]
[EventDate "2023.02.15"]
[EventType "swiss"]
[EventRounds "9"]
[EventCountry "ENG"]
[SourceTitle "CBM 212 Extra"]
[Source "ChessBase"]
[SourceDate "2023.03.31"]
[SourceVersion "1"]
[SourceVersionDate "2023.03.31"]
[SourceQuality "1"]

1. d4 Nf6 2. c4 c5 3. d5 e6 4. Nc3 exd5 5. cxd5 d6 6. e4 g6 7. Nge2 Bg7 8. Ng3 a6 9. a4 b6 10. Be2 Nbd7 11. h4 h5 12. Bg5 Qc7 13. Qd2 Bb7 14. Bf4 c4 15. Qd4 Rc8 16. Nf1 0-0 17. Ne3 Rfe8 18. Kf1 Nxe4 19. Qd1 Nxc3 20. bxc3 b5 21. g4 Re4 22. Bg3 hxg4 23. Bxg4 Rce8 24. Qf3 Bxc3 25. Rb1 Qc5 26. Bxd7 R8e7 27. Ng4 Re1+ 28. Kg2 Bxd5 29. Nf6+ Bxf6 30. Rbxe1 Bxf3+ 31. Kxf3 Rxd7 32. axb5 Qd5+ 33. Re4 Re7 0-1

[Event "BCF-chT2b 1617 (4NCL)"]
[Site "England"]
[Date "2017.03.04"]
[Round "7.88"]
[White "Smart, Michael R"]
[Black "Anilkumar, Anantha P"]
[Result "0-1"]
[WhiteElo "1982"]
[BlackElo "1878"]
[PlyCount "54"]
[EventDate "2016.11.19"]
[EventType "team-tourn"]
[EventRounds "11"]
[EventCountry "ENG"]
[SourceTitle "EXT 2019"]
[Source "ChessBase"]
[SourceDate "2018.10.10"]
[SourceVersion "1"]
[SourceVersionDate "2018.10.10"]
[SourceQuality "1"]
[WhiteTeam "Guildford III"]
[BlackTeam "KJCA Kings"]
[WhiteTeamCountry "ENG"]
[BlackTeamCountry "ENG"]

1. e4 c5 2. Nf3 d6 3. d4 cxd4 4. Nxd4 Nf6 5. Nc3 g6 6. Be3 a6 7. Be2 Bg7 8. 0-0 0-0 9. a4 Bd7 10. a5 Nc6 11. Nxc6 Bxc6 12. Bb6 Qc8 13. Nd5 Bxd5 14. exd5 Nd7 15. Bd4 Bxd4 16. Qxd4 Qxc2 17. Bg4 Qc5 18. Qd2 Nf6 19. Bf3 Rac8 20. Rfe1 Qc7 21. h4 Rfe8 22. h5 Kg7 23. Qg5 Qd7 24. Rac1 h6 25. Qe3 g5 26. Rxc8 Rxc8 27. Qxe7 Re8 0-1

[Event "BCF-chT2b 1617 (4NCL)"]
[Site "England"]
[Date "2017.01.14"]
[Round "3.77"]
[White "Smart, Michael R"]
[Black "Findlay, David John"]
[Result "0-1"]
[WhiteElo "1995"]
[BlackElo "2176"]
[PlyCount "168"]
[EventDate "2016.11.19"]
[EventType "team-tourn"]
[EventRounds "11"]
[EventCountry "ENG"]
[SourceTitle "EXT 2019"]
[Source "ChessBase"]
[SourceDate "2018.10.10"]
[SourceVersion "1"]
[SourceVersionDate "2018.10.10"]
[SourceQuality "1"]
[WhiteTeam "Guildford III"]
[BlackTeam "Alba"]
[WhiteTeamCountry "ENG"]
[BlackTeamCountry "SCO"]

1. e4 e5 2. d4 exd4 3. c3 Nf6 4. e5 Nd5 5. Qxd4 Nb6 6. Nf3 Nc6 7. Qe4 Qe7 8. Bd3 d5 9. exd6 Qxe4+ 10. Bxe4 Bxd6 11. 0-0 0-0 12. Nbd2 Bd7 13. a4 a5 14. Nb3 Nd8 15. Nbd4 Nxa4 16. Nf5 Bxf5 17. Bxf5 Nb6 18. Nd4 Be7 19. Nf3 Bf6 20. Rd1 c6 21. Be3 Nd5 22. Bc5 Re8 23. Bd7 Ne6 24. Bxe8 Nxc5 25. c4 Nb6 26. b4 Bxa1 27. bxc5 Nxc4 28. Bxc6 bxc6 29. Rxa1 Rd8 30. g3 Rd5 31. Rb1 g6 32. Rc1 Ne5 33. Nxe5 Rxe5 34. f4 Rd5 35. Rc4 Kf8 36. Kg2 Ke7 37. Kf3 Kd7 38. h4 h5 39. Rc3 Ke6 40. g4 hxg4+ 41. Kxg4 a4 42. Re3+ Kf6 43. Re4 a3 44. Ra4 Rxc5 45. Rxa3 Rc4 46. Ra8 c5 47. Ra6+ Kg7 48. Rc6 Rc1 49. Rc7 c4 50. f5 c3 51. fxg6 Kxg6 52. Rc6+ f6 53. h5+ Kg7 54. h6+ Kg6 55. Kf3 Rh1 56. Kg2 Rxh6 57. Rxc3 Rh4 58. Kg3 Ra4 59. Rc6 Kg5 60. Rc5+ f5 61. Rb5 Ra3+ 62. Kf2 Kg4 63. Rb4+ f4 64. Rb2 Rh3 65. Rb4 Rh2+ 66. Kg1 Ra2 67. Rb8 Kg3 68. Rg8+ Kf3 69. Rf8 Ra1+ 70. Kh2 Rf1 71. Re8 Kf2 72. Rf8 f3 73. Rf7 Re1 74. Ra7 Re2 75. Ra3 Rd2 76. Ra8 Ke3+ 77. Kg3 Rg2+ 78. Kh3 Rg5 79. Re8+ Kf2 80. Rf8 Rg7 81. Rf6 Rh7+ 82. Kg4 Kg2 83. Kf4 f2 84. Rg6+ Kh1 0-1

[Event "BCF-chT2d 1516 (4NCL) Demotion pool"]
[Site "England"]
[Date "2016.05.01"]
[Round "10.1"]
[White "Gordon Brown, Alexander"]
[Black "Smart, Michael R"]
[Result "1-0"]
[WhiteElo "2063"]
[BlackElo "1990"]
[PlyCount "81"]
[EventDate "2015.11.14"]
[EventType "team-tourn"]
[EventRounds "4"]
[EventCountry "ENG"]
[SourceTitle "EXT 2017"]
[Source "ChessBase"]
[SourceDate "2016.10.25"]
[SourceVersion "1"]
[SourceVersionDate "2016.10.25"]
[SourceQuality "1"]
[WhiteTeam "Cambridge II"]
[BlackTeam "Guildford III"]
[WhiteTeamCountry "ENG"]
[BlackTeamCountry "ENG"]

1. d4 Nf6 2. c4 c5 3. d5 e6 4. Nc3 exd5 5. cxd5 d6 6. e4 g6 7. f4 Bg7 8. Bb5+ Nfd7 9. a4 0-0 10. Nf3 Re8 11. 0-0 a6 12. Bd3 Qc7 13. Re1 c4 14. Bc2 Nc5 15. h3 Nbd7 16. Be3 Rb8 17. a5 b5 18. axb6 Rxb6 19. Ra2 Qb8 20. Qc1 Nb3 21. Bxb3 cxb3 22. Ra4 Rb4 23. Rxb4 Qxb4 24. Bd2 Bb7 25. Kh1 Qc4 26. Re3 Nc5 27. Qb1 Na4 28. Nxa4 Qxa4 29. Qd3 Qa1+ 30. Kh2 Bh6 31. Kg3 g5 32. fxg5 Bg7 33. Qxb3 Bc8 34. Bc3 Bxc3 35. Qxc3 Bd7 36. h4 Qb1 37. Qd4 Bb5 38. h5 Qh1 39. h6 Kf8 40. Qg7+ Ke7 41. Qf6+ 1-0

[Event "BCF-chT2a 1516 (4NCL)"]
[Site "England"]
[Date "2015.11.14"]
[Round "1.247"]
[White "Elwin, Adrian G"]
[Black "Smart, Michael R"]
[Result "1-0"]
[WhiteElo "1989"]
[BlackElo "2027"]
[PlyCount "83"]
[EventDate "2015.11.14"]
[EventType "team-tourn"]
[EventRounds "7"]
[EventCountry "ENG"]
[SourceTitle "CBM 169 Extra"]
[Source "ChessBase"]
[SourceDate "2015.12.18"]
[SourceVersion "1"]
[SourceVersionDate "2015.12.18"]
[SourceQuality "1"]
[WhiteTeam "MK Phoenix"]
[BlackTeam "Guildford III"]
[WhiteTeamCountry "ENG"]
[BlackTeamCountry "ENG"]

1. d4 Nf6 2. c4 c5 3. d5 e6 4. Nc3 exd5 5. cxd5 d6 6. e4 g6 7. Bd3 Bg7 8. Nge2 0-0 9. 0-0 a6 10. a4 Ng4 11. h3 Ne5 12. Bc2 c4 13. f4 Qb6+ 14. Kh1 Ned7 15. a5 Qc7 16. Be3 b5 17. Bd4 Bxd4 18. Nxd4 b4 19. Nce2 Nc5 20. f5 Qe7 21. Qe1 b3 22. Bb1 Nbd7 23. f6 Qe5 24. Qh4 Kh8 25. Rf4 Nd3 26. Nc6 Qh5 27. Qxh5 gxh5 28. Bxd3 cxd3 29. Nc3 Bb7 30. Nb4 Rg8 31. Nxd3 Rg6 32. Raf1 Rag8 33. R1f2 Rg3 34. R4f3 R3g5 35. Ne2 Re8 36. Nc3 h6 37. Kh2 Kh7 38. Rf5 Rg6 39. Nf4 Rxf6 40. Rxf6 Nxf6 41. Nxh5 Nxe4 42. Nxe4 1-0

[Event "BCF-chT3 1415 (4NCL)"]
[Site "England"]
[Date "2015.03.21"]
[Round "7.96"]
[White "Smart, Michael R"]
[Black "Ross, Chris Neil"]
[Result "1/2-1/2"]
[WhiteElo "2011"]
[BlackElo "2189"]
[PlyCount "87"]
[EventDate "2015.03.21"]
[EventType "team-swiss"]
[EventRounds "11"]
[EventCountry "ENG"]
[SourceTitle "EXT 2016"]
[Source "ChessBase"]
[SourceDate "2015.10.08"]
[SourceVersion "1"]
[SourceVersionDate "2015.10.08"]
[SourceQuality "1"]
[WhiteTeam "Guildford IV"]
[BlackTeam "e2e4.org.uk II"]
[WhiteTeamCountry "ENG"]
[BlackTeamCountry "ENG"]

1. e4 c5 2. Nf3 e6 3. d4 cxd4 4. Nxd4 Nc6 5. Be3 Nf6 6. Nxc6 bxc6 7. Nd2 d5 8. exd5 cxd5 9. Bb5+ Bd7 10. Qe2 Be7 11. 0-0 0-0 12. Bxd7 Qxd7 13. Rfd1 Qb7 14. Bd4 Nd7 15. c4 Bf6 16. Bxf6 Nxf6 17. Rab1 a5 18. a3 a4 19. b4 axb3 20. Rxb3 Qe7 21. cxd5 Nxd5 22. Nc4 Qc5 23. Rg3 Nf4 24. Qg4 Nh5 25. Qg5 Qxc4 26. Qxh5 g6 27. Qh6 Rfd8 28. Rxd8+ Rxd8 29. h3 Qc7 30. Qe3 Rd1+ 31. Kh2 h5 32. Qe4 Qd6 33. f4 Kh7 34. Rf3 Qb6 35. Re3 Qb2 36. a4 Qa1 37. Qb7 Rh1+ 38. Kg3 Qf6 39. Re5 Ra1 40. Qe4 Ra3+ 41. Kh2 Kg7 42. a5 Qd8 43. Rb5 Qd6 44. Rb6 1/2-1/2

[Event "BCF-chT3 1314 (4NCL)"]
[Site "England"]
[Date "2014.03.23"]
[Round "8.155"]
[White "Kane, Robert"]
[Black "Smart, Michael R"]
[Result "0-1"]
[WhiteElo "1870"]
[BlackElo "2019"]
[PlyCount "74"]
[EventDate "2013.11.16"]
[EventType "team-swiss"]
[EventRounds "11"]
[EventCountry "ENG"]
[SourceTitle "EXT 2015"]
[Source "ChessBase"]
[SourceDate "2014.11.20"]
[SourceVersion "1"]
[SourceVersionDate "2014.11.20"]
[SourceQuality "1"]
[WhiteTeam "BCM Hippos III"]
[BlackTeam "Guildford IV"]
[WhiteTeamCountry "ENG"]
[BlackTeamCountry "ENG"]

1. d4 Nf6 2. Nf3 g6 3. Nc3 d5 4. Bf4 c6 5. e3 Bg7 6. Be2 0-0 7. Ne5 Nfd7 8. h4 Nxe5 9. Bxe5 Bxe5 10. dxe5 Nd7 11. h5 Nxe5 12. Qd4 f6 13. f4 Ng4 14. hxg6 hxg6 15. Bxg4 Bxg4 16. f5 gxf5 17. Qf4 Qd6 18. Rh8+ Kf7 19. Rh7+ Ke6 20. Kf2 Rh8 21. Rah1 Rxh7 22. Qxd6+ Kxd6 23. Rxh7 b5 24. Nb1 a5 25. Nd2 b4 26. Nf1 Bd1 27. c3 bxc3 28. bxc3 Rb8 29. Ng3 Rb2+ 30. Ke1 Bc2 31. Rh5 Rxa2 32. Rh8 Be4 33. Nxe4+ fxe4 34. Ra8 Kc5 35. g4 Kc4 36. Rc8 Kxc3 37. Rxc6+ Kd3 0-1

[Event "BCF-chT3S 1314 (4NCL)"]
[Site "England"]
[Date "2014.01.12"]
[Round "4.136"]
[White "Abbas, Daniel Karim"]
[Black "Smart, Michael R"]
[Result "1/2-1/2"]
[WhiteElo "1977"]
[BlackElo "2024"]
[PlyCount "110"]
[EventDate "2013.11.16"]
[EventType "team-swiss"]
[EventRounds "6"]
[EventCountry "ENG"]
[SourceTitle "EXT 2015"]
[Source "ChessBase"]
[SourceDate "2014.11.20"]
[SourceVersion "1"]
[SourceVersionDate "2014.11.20"]
[SourceQuality "1"]
[WhiteTeam "3CS Oldham II"]
[BlackTeam "Guildford IV"]
[WhiteTeamCountry "ENG"]
[BlackTeamCountry "ENG"]

1. e4 Nf6 2. e5 Nd5 3. d4 d6 4. c4 Nb6 5. exd6 cxd6 6. Nc3 g6 7. Be3 Bg7 8. Rc1 Nc6 9. b3 0-0 10. d5 Ne5 11. Be2 f5 12. f4 Nf7 13. Nf3 Re8 14. 0-0 Nd7 15. Nd4 Nc5 16. b4 Na6 17. a3 Nc7 18. Bf3 a6 19. Re1 Rb8 20. Qd2 Bd7 21. Bf2 Bh6 22. Be3 Bg7 23. Nb3 b6 24. Qf2 Na8 25. Bd4 Bh6 26. g3 Rc8 27. c5 bxc5 28. bxc5 e5 29. dxe6 Bxe6 30. Nd5 Bxd5 31. Rxe8+ Qxe8 32. Bxd5 dxc5 33. Rxc5 Rxc5 34. Nxc5 Nc7 35. Bc4 Nb5 36. Bb2 Bf8 37. a4 Qc6 38. Bxf7+ Kxf7 39. Nd3 Qd5 40. axb5 Qxd3 41. bxa6 Qxa6 42. Bd4 Qc4 43. Qb2 Kg8 44. Qb6 Qf7 45. Qd8 Qe6 46. Kf2 Qa2+ 47. Kf3 Qb3+ 48. Ke2 Qe6+ 49. Kd3 Qe4+ 50. Kd2 Qg2+ 51. Kc3 Qc6+ 52. Kb3 Qb5+ 53. Kc2 Qe2+ 54. Kc3 Qf3+ 55. Kd2 Qg2+ 1/2-1/2

[Event "BCF-chT3S 1314 (4NCL)"]
[Site "England"]
[Date "2013.11.16"]
[Round "1.225"]
[White "Smart, Michael R"]
[Black "Graham, David Bruce"]
[Result "0-1"]
[WhiteElo "2023"]
[BlackElo "2147"]
[PlyCount "82"]
[EventDate "2013.11.16"]
[EventType "team-swiss"]
[EventRounds "6"]
[EventCountry "ENG"]
[SourceTitle "CBM 157 Extra"]
[Source "ChessBase"]
[SourceDate "2013.12.19"]
[SourceVersion "1"]
[SourceVersionDate "2013.12.19"]
[SourceQuality "1"]
[WhiteTeam "Guildford IV"]
[BlackTeam "Sussex Smart Survivors"]
[WhiteTeamCountry "ENG"]
[BlackTeamCountry "ENG"]

1. e4 e6 2. d4 d5 3. Nd2 Nf6 4. e5 Nfd7 5. Bd3 c5 6. c3 Nc6 7. Ne2 cxd4 8. cxd4 f6 9. exf6 Qxf6 10. Nf3 Bb4+ 11. Bd2 Bxd2+ 12. Qxd2 0-0 13. 0-0 e5 14. Nc3 Nb6 15. dxe5 Nxe5 16. Nxe5 Qxe5 17. Rae1 Qd6 18. Qg5 h6 19. Qe7 Qxe7 20. Rxe7 Rf7 21. Re8+ Rf8 22. Bh7+ Kf7 23. Bg6+ Kg8 24. Re7 d4 25. Ne2 Nd5 26. Re5 Bg4 27. Nxd4 Nf4 28. Bf5 Bxf5 29. Rxf5 Ne2+ 30. Nxe2 Rxf5 31. Nc3 Rd8 32. f4 Rd2 33. g4 Rf7 34. f5 Rxb2 35. Re1 Rc7 36. Nd5 Rcc2 37. Ne7+ Kf7 38. Ng6 Rxa2 39. Kh1 Rxh2+ 40. Kg1 Rag2+ 41. Kf1 Rh1+ 0-1

[Event "BCF-chT4 0708 (4NCL)"]
[Site "England"]
[Date "2008.02.10"]
[Round "6.5"]
[White "Smart, Michael R"]
[Black "Moore, Andrew"]
[Result "1-0"]
[WhiteElo "1958"]
[BlackElo "1865"]
[PlyCount "69"]
[EventDate "2007.09.15"]
[EventType "team-swiss"]
[EventRounds "11"]
[EventCountry "ENG"]
[SourceTitle "EXT 2009"]
[Source "ChessBase"]
[SourceDate "2008.11.26"]
[SourceVersion "1"]
[SourceVersionDate "2008.11.26"]
[SourceQuality "1"]
[WhiteTeam "Guildford IV"]
[BlackTeam "AMCA Hippos"]
[WhiteTeamCountry "ENG"]
[BlackTeamCountry "ENG"]

1. e4 c5 2. Nf3 Nc6 3. d4 cxd4 4. Nxd4 e5 5. Nb5 a6 6. Nd6+ Bxd6 7. Qxd6 Qe7 8. Qd1 Nf6 9. Nc3 Qb4 10. a3 Qb6 11. Be3 Nd4 12. Bd3 d6 13. Na4 Qa5+ 14. c3 b5 15. 0-0 Nf3+ 16. Qxf3 Qxa4 17. Bg5 Ng4 18. h3 f6 19. Bd2 h5 20. b4 Qb3 21. a4 bxa4 22. Rfb1 Qf7 23. Rxa4 Nh6 24. b5 Qd7 25. bxa6 Qxa4 26. Bb5+ Qxb5 27. Rxb5 Bxa6 28. Ra5 Ke7 29. Bxh6 Rxh6 30. Qe3 Rhh8 31. Qb6 Rhb8 32. Qc7+ Ke6 33. Rxa6 Rb1+ 34. Kh2 Rxa6 35. Qc4+ 1-0

[Event "BCF-chT4 0708 (4NCL)"]
[Site "England"]
[Date "2007.10.27"]
[Round "1.5"]
[White "Smart, Michael R"]
[Black "Jackson, James P"]
[Result "0-1"]
[WhiteElo "1972"]
[BlackElo "2035"]
[PlyCount "77"]
[EventDate "2007.09.15"]
[EventType "team-swiss"]
[EventRounds "11"]
[EventCountry "ENG"]
[SourceTitle "EXT 2009"]
[Source "ChessBase"]
[SourceDate "2008.11.26"]
[SourceVersion "1"]
[SourceVersionDate "2008.11.26"]
[SourceQuality "1"]
[WhiteTeam "Guildford IV"]
[BlackTeam "Littlehorpe"]
[WhiteTeamCountry "ENG"]
[BlackTeamCountry "ENG"]

1. e4 c5 2. Nf3 Nc6 3. d4 cxd4 4. Nxd4 Nf6 5. Nc3 e5 6. Ndb5 d6 7. Bg5 a6 8. Na3 b5 9. Nd5 Be7 10. Bxf6 Bxf6 11. c3 0-0 12. Nc2 Bg5 13. Nce3 Rb8 14. a3 Be6 15. Be2 g6 16. 0-0 f5 17. exf5 gxf5 18. f4 Bh6 19. Kh1 Kh8 20. a4 bxa4 21. Rxa4 a5 22. Rc4 Ne7 23. Nxe7 Qxe7 24. Rc6 Rbd8 25. Nd5 Qb7 26. Nc7 Bb3 27. Qxb3 Qxb3 28. Bc4 Qxb2 29. fxe5 dxe5 30. Rxh6 Qd2 31. Rh3 Rf6 32. Ne6 Rd6 33. Nc7 Rg6 34. Rg1 Rh6 35. Rg3 Rhg6 36. Rh3 e4 37. Ne8 Rb6 38. Bf7 e3 39. Bxg6 0-1

[Event "BCF-chT4 0607 (4NCL)"]
[Site "Sunningdale"]
[Date "2007.05.26"]
[Round "9.161"]
[White "Tart, Peter K"]
[Black "Smart, Michael R"]
[Result "0-1"]
[WhiteElo "1965"]
[BlackElo "1978"]
[PlyCount "62"]
[EventDate "2006.09.16"]
[EventType "team"]
[EventRounds "11"]
[EventCountry "ENG"]
[SourceTitle "EXT 2008"]
[Source "ChessBase"]
[SourceDate "2007.11.25"]
[SourceVersion "1"]
[SourceVersionDate "2007.11.25"]
[SourceQuality "1"]
[WhiteTeam "AMCA Hippos"]
[BlackTeam "Guildford V"]
[WhiteTeamCountry "ENG"]
[BlackTeamCountry "ENG"]

1. e4 Nf6 2. Nc3 d5 3. d4 dxe4 4. f3 exf3 5. Qxf3 c6 6. Be3 Bg4 7. Qf2 Nbd7 8. h3 Bh5 9. g4 Bg6 10. Bg2 e6 11. Nge2 Be7 12. 0-0-0 Qa5 13. Kb1 Bb4 14. g5 Nd5 15. Ne4 Qb5 16. Bd2 0-0 17. Nf4 N7b6 18. Nxg6 fxg6 19. Qe1 Bxd2 20. Qxd2 Nc4 21. Qc1 Nde3 22. Rd2 Rad8 23. c3 Nxd2+ 24. Qxd2 Nxg2 25. Qxg2 Qd3+ 26. Kc1 Rf4 27. Re1 Rdf8 28. Nc5 Qf5 29. Nxe6 Re8 30. Qe2 Rf2 31. Qe4 Rf1 0-1

[Event "BCF-chT3 0607 (4NCL)"]
[Site "Sunningdale"]
[Date "2007.01.14"]
[Round "6.3"]
[White "Smart, Michael R"]
[Black "Harman, Kenneth B"]
[Result "0-1"]
[WhiteElo "1978"]
[BlackElo "2168"]
[PlyCount "132"]
[EventDate "2006.09.16"]
[EventType "team"]
[EventRounds "11"]
[EventCountry "ENG"]
[SourceTitle "EXT 2008"]
[Source "ChessBase"]
[SourceDate "2007.11.25"]
[SourceVersion "1"]
[SourceVersionDate "2007.11.25"]
[SourceQuality "1"]
[WhiteTeam "Guildford IV"]
[BlackTeam "Cheddleton"]
[WhiteTeamCountry "ENG"]
[BlackTeamCountry "ENG"]

1. e4 c5 2. Nf3 Nc6 3. d4 cxd4 4. Nxd4 g6 5. Nc3 Bg7 6. Be3 Nf6 7. Bc4 Qa5 8. 0-0 0-0 9. h3 d6 10. a3 Bd7 11. Re1 Rac8 12. Ba2 Qh5 13. Qxh5 Nxh5 14. Nxc6 bxc6 15. g4 Nf6 16. Rad1 Rb8 17. Bb3 Be6 18. e5 dxe5 19. Bxa7 Rb7 20. Bc5 Bxb3 21. cxb3 Rxb3 22. Re2 Re8 23. a4 e6 24. a5 Nd5 25. Ne4 Ra8 26. Ra1 Rb5 27. b4 Nxb4 28. Bxb4 Rxb4 29. a6 Rb6 30. a7 Rb7 31. Rea2 Bf8 32. g5 Be7 33. Ra6 c5 34. R1a4 Kg7 35. h4 Rb4 36. Nc3 Rb7 37. R6a5 h6 38. gxh6+ Kxh6 39. Kg2 f5 40. Nb5 Bd8 41. Nd6 Bxa5 42. Nxb7 Bb6 43. Ra6 Bxa7 44. Nxc5 Rc8 45. Nxe6 Bd4 46. Rd6 Rc4 47. Rd8 g5 48. Rh8+ Kg6 49. h5+ Kf6 50. Rh6+ Ke7 51. Nxg5 Rc2 52. Re6+ Kd7 53. Rf6 Rxf2+ 54. Kg3 Rf1 55. Nf3 Rxf3+ 56. Kxf3 e4+ 57. Kf4 Bxf6 58. Kxf5 e3 59. Kxf6 e2 60. h6 e1Q 61. Kg7 Ke7 62. h7 Qg1+ 63. Kh8 Qa7 64. Kg7 Qd4+ 65. Kg8 Qd8+ 66. Kg7 Qf8+ 0-1

[Event "BCF-chT3 0607 (4NCL)"]
[Site "Sunningdale"]
[Date "2006.09.17"]
[Round "2.3"]
[White "Smart, Michael R"]
[Black "Brown, Alan M"]
[Result "0-1"]
[WhiteElo "1990"]
[BlackElo "2118"]
[PlyCount "56"]
[EventDate "2006.09.16"]
[EventType "team"]
[EventRounds "11"]
[EventCountry "ENG"]
[SourceTitle "CBM 115 Extra"]
[Source "ChessBase"]
[SourceDate "2007.01.10"]
[SourceVersion "1"]
[SourceVersionDate "2007.01.10"]
[SourceQuality "1"]
[WhiteTeam "Guildford IV"]
[BlackTeam "SW Dragons II"]
[WhiteTeamCountry "ENG"]
[BlackTeamCountry "ENG"]

1. e4 e6 2. d4 d5 3. Nd2 Nf6 4. e5 Nfd7 5. Bd3 b6 6. Qe2 c5 7. c3 Nc6 8. Ndf3 cxd4 9. Nh3 dxc3 10. bxc3 Qc7 11. Bf4 Nb4 12. cxb4 Qc3+ 13. Nd2 Qxa1+ 14. Bb1 Bxb4 15. 0-0 Qb2 16. Ng5 Nxe5 17. Bxe5 Qxd2 18. Qh5 g6 19. Qg4 h5 20. Qg3 h4 21. Qb3 Qxg5 22. Bxh8 Bc5 23. Qf3 Ba6 24. Re1 Rc8 25. Bf6 Qd2 26. Bc3 Bxf2+ 27. Kh1 Rxc3 28. Rxe6+ Kf8 0-1

[Event "BCF-chT4 0506 (4NCL)"]
[Site "West Bromwich"]
[Date "2006.05.28"]
[Round "10.6"]
[White "Cabero, Pablo Padilla"]
[Black "Smart, Michael R"]
[Result "1-0"]
[WhiteElo "1955"]
[BlackElo "2070"]
[PlyCount "125"]
[EventDate "2005.11.05"]
[EventType "team"]
[EventRounds "11"]
[EventCountry "ENG"]
[SourceTitle "CBM 109 Extra"]
[Source "ChessBase"]
[SourceDate "2006.01.03"]
[SourceVersion "2"]
[SourceVersionDate "2006.01.03"]
[SourceQuality "1"]
[WhiteTeam "Brown Jack"]
[BlackTeam "Guildford V"]
[WhiteTeamCountry "ENG"]
[BlackTeamCountry "ENG"]

1. e4 Nf6 2. d3 d6 3. Nc3 c6 4. g3 e5 5. Bg2 Bg4 6. f3 Be6 7. Be3 d5 8. d4 Nbd7 9. Nge2 dxe4 10. fxe4 Ng4 11. Bg1 Bb4 12. h3 exd4 13. Qxd4 Bxc3+ 14. Qxc3 Nge5 15. Be3 Qf6 16. Nd4 0-0 17. Rf1 Qe7 18. 0-0-0 b5 19. Nxc6 Nxc6 20. Qxc6 Rfc8 21. Qd6 Qd8 22. e5 Rab8 23. Bxa7 Qg5+ 24. Qd2 Qxe5 25. Bxb8 Qxb8 26. Bd5 Bxd5 27. Qxd5 Nf6 28. Qd6 Qa8 29. Rf5 h6 30. a3 Qa4 31. Rc5 Re8 32. Qc6 Re2 33. Qc8+ Re8 34. Qb7 Ne4 35. Rc8 Nf6 36. Rxe8+ Nxe8 37. Rd8 b4 38. Qb8 Kh7 39. Rxe8 bxa3 40. bxa3 Qxa3+ 41. Kb1 Qa5 42. Qb3 Qa7 43. Qd3+ g6 44. Re3 Qb7+ 45. Qb3 Qd7 46. h4 Qd1+ 47. Ka2 Kg7 48. Rf3 Qd7 49. Qxf7+ Qxf7+ 50. Rxf7+ Kxf7 51. c4 g5 52. h5 Ke6 53. Kb3 Ke5 54. c5 g4 55. Kb4 Kd5 56. Kb5 Ke4 57. c6 Kf3 58. c7 Kxg3 59. c8Q Kh4 60. Qf5 g3 61. Qf4+ Kxh5 62. Kc4 g2 63. Qh2+ 1-0

[Event "BCF-chT4 0506 (4NCL)"]
[Site "West Bromwich"]
[Date "2006.05.27"]
[Round "9.6"]
[White "Burke, Steven J"]
[Black "Smart, Michael R"]
[Result "0-1"]
[WhiteElo "2065"]
[BlackElo "2070"]
[PlyCount "60"]
[EventDate "2005.11.05"]
[EventType "team"]
[EventRounds "11"]
[EventCountry "ENG"]
[SourceTitle "CBM 109 Extra"]
[Source "ChessBase"]
[SourceDate "2006.01.03"]
[SourceVersion "2"]
[SourceVersionDate "2006.01.03"]
[SourceQuality "1"]
[WhiteTeam "Nottinghamshire"]
[BlackTeam "Guildford IV"]
[WhiteTeamCountry "ENG"]
[BlackTeamCountry "ENG"]

1. f4 c5 2. Nf3 Nf6 3. e3 a6 4. Be2 d6 5. 0-0 e6 6. c4 Be7 7. Nc3 0-0 8. Qc2 Nc6 9. a3 d5 10. Ne5 Qc7 11. Nxc6 Qxc6 12. Bf3 Qd6 13. Na4 Qc7 14. cxd5 Nxd5 15. e4 Nxf4 16. d4 c4 17. b3 b5 18. Nb2 Qd6 19. Bxf4 Qxf4 20. bxc4 Bb7 21. Qd3 Rad8 22. cxb5 axb5 23. Rad1 Bc6 24. g3 Qg5 25. e5 Bxf3 26. Rxf3 Bc5 27. Qxb5 Bxd4+ 28. Kg2 Rb8 29. Qd7 Rxb2+ 30. Kh1 Qh5 0-1